[Event "78th ch-BRA"]
[Site "Campinas BRA"]
[Date "2011.12.18"]
[Round "9"]
[White "Santiago,Y"]
[Black "Leitao,R"]
[Result "0-1"]
[WhiteElo "2335"]
[BlackElo "2626"]

1.e4 c5 2.Nf3 Nc6 3.d4 cxd4 4.Nxd4 e6 5.Nc3 Qc7 6.Be3 a6 7.Qd2 Nf6 8.O-O-O Bb4
9.f3 O-O 10.g4 Ne5 11.Kb1 d5 12.g5 Bxc3 13.Qxc3 Qxc3 14.bxc3 Nh5 15.Rg1 Re8
16.f4 Nc4 17.Bxc4 dxc4 18.Nf3 b5 19.Ne5 Bb7 20.Rd7 Bxe4 21.Nxf7 Rf8 22.g6 hxg6
23.Nd6 Bd5 24.Bd4 Rad8 25.Rxd8 Rxd8 26.Be5 Kh7 27.Nf7 Rf8 28.Ng5+ Kg8 29.Nh3 Kf7
30.Bd6 Rh8 31.Be5 Nf6 32.Ng5+ Ke7 33.h3 Rh4 34.Kb2 Ne4 35.Rf1 Nxg5 36.fxg5 Rxh3
37.Bxg7 Rh2 38.Re1 Rg2 39.Re5 Kd7 40.Bf6 Bf3 41.Kc1 Bg4 42.Re4 Bf3 43.Re5 Kd6
44.a4 bxa4 45.Ra5 Bc6 46.Rxa6 Re2 47.Kd1 Re4 48.Kd2 e5 49.Ra5 Ke6 50.Ra6 Kd7
51.Ra7+ Kd6 52.Ra5 Bd7 53.Ra6+ Kd5 54.Be7 Bc6 55.Bf6 Bb5 56.Rb6 Kc5 57.Bd8 Bc6
58.Rb1 Rg4 59.Re1 Be4 60.Ra1 Rg2+ 61.Ke3 Bxc2 62.Ra2 Kd5 63.Ba5 Ke6 64.Bb4 Kf5
65.Be7 Rg3+ 66.Kd2 Bb3 67.Ra1 Rd3+ 68.Ke2 Rxc3 69.Rf1+ Ke4  0-1

[Event "FIDE Women's World Teams"]
[Site "Mardin TUR"]
[Date "2011.12.18"]
[Round "1"]
[White "Fakhiridou,E"]
[Black "Galojan,L"]
[Result "0-1"]
[WhiteElo "2180"]
[BlackElo "2383"]

1.e4 c5 2.Nf3 e6 3.d4 cxd4 4.Nxd4 Nc6 5.Nc3 Qc7 6.Be3 a6 7.f4 b5 8.Bd3 Bb7
9.Nb3 d6 10.a4 b4 11.Nb1 Nf6 12.N1d2 d5 13.e5 d4 14.Bf2 Nd5 15.Qg4 h5 16.Qf3 g5
17.Nxd4 gxf4 18.Nxc6 Bxc6 19.Qe2 f3 20.Qxf3 Qxe5+ 21.Ne4 f5 22.Bg3 fxe4 23.Bxe5 exf3
24.Bxh8 fxg2 25.Rg1 Nf4 26.O-O-O Bc5 27.Rge1 Bf3 28.Be5 Bxd1 29.Bxf4 Bf3
30.Rxe6+ Kd7  0-1

[Event "XXIII Carlos Torre Magistral"]
[Site "Merida MEX"]
[Date "2011.12.18"]
[Round "5.2"]
[White "Fernandez Cardoso,A"]
[Black "Alvarez Pedraza,A"]
[Result "1-0"]
[WhiteElo "2473"]
[BlackElo "2565"]

1.e4 c5 2.Nf3 e6 3.d4 cxd4 4.Nxd4 Nc6 5.Nc3 Qc7 6.f4 a6 7.Be3 b5 8.Bd3 Nxd4
9.Bxd4 Qxf4 10.Rf1 Qd6 11.Qf3 f6 12.Be3 Bb7 13.O-O-O Qc7 14.Kb1 Bb4 15.Qg4 g6
16.e5 Bxc3 17.Bxg6+ Kd8 18.Qxe6 Kc8 19.Qe8+ Qd8 20.Qxd8+ Kxd8 21.Bf5 Bxg2
22.Rg1 Ne7 23.Bxd7 Kc7 24.Rxg2 Bxe5 25.Rg7 Bd6 26.Bf5 Rae8 27.Bxh7 Rd8 28.a3 Rd7
29.h4 Nc6 30.Bb6+ Kxb6 31.Rxd7 Be5 32.h5 f5 33.Rf7 f4 34.Be4 Rxh5 35.b4 Rg5
36.Rh7 Bg7 37.c4 bxc4 38.Rd6  1-0

[Event "European Rapid 2011"]
[Site "Warsaw POL"]
[Date "2011.12.18"]
[Round "12"]
[White "Tomczak,J"]
[Black "Potkin,V"]
[Result "1-0"]
[WhiteElo "2544"]
[BlackElo "2684"]

1.e4 c5 2.Nf3 e6 3.d4 cxd4 4.Nxd4 Nc6 5.Nc3 Qc7 6.Be2 Nf6 7.O-O Be7 8.Be3 O-O
9.f4 d6 10.Qe1 a6 11.Rd1 Nxd4 12.Bxd4 b5 13.e5 dxe5 14.fxe5 Nd7 15.Bf3 Bb7
16.Bxb7 Qxb7 17.Ne4 Kh8 18.Qe2 Qd5 19.Kh1 Qc4 20.Qg4 Rad8 21.c3 b4 22.b3 Qc7
23.Nd6 f5 24.exf6 Nxf6 25.Bxf6 Bxf6 26.Qxe6 Rd7 27.cxb4 h6 28.Qc4 Qxc4 29.Nxc4 Rb8
30.Ne3 Rc7 31.Nc4 Rxb4 32.Ne3 Rd4 33.Nd5 Rd7 34.Rxd4 Bxd4 35.Nb4 a5 36.Nc6 Bb6
37.Ne5 Rd4 38.g3 Bc5 39.Nc4 a4 40.Kg2 axb3 41.axb3 Rd3 42.Rf3 Rd1 43.Rf5 Bb4
44.Ne5 Kh7 45.Rf3 Rb1 46.h4 Rb2+ 47.Kh3 Bd6 48.Nc4 Bc5 49.Nxb2  1-0

[Event "FIDE Women's World Teams"]
[Site "Mardin TUR"]
[Date "2011.12.21"]
[Round "4"]
[White "Kosintseva,T"]
[Black "Javakhishvili,L"]
[Result "1/2-1/2"]
[WhiteElo "2526"]
[BlackElo "2475"]

1.e4 c5 2.Nf3 e6 3.d4 cxd4 4.Nxd4 Nc6 5.Nc3 Qc7 6.Be3 Nf6 7.f4 Nxd4 8.Qxd4 b6
9.Nb5 Qc6 10.Qc4 Rb8 11.O-O-O Qxc4 12.Bxc4 Nxe4 13.Nxa7 Bc5 14.Bxc5 bxc5
15.Nxc8 Rxc8 16.Rhe1 f5 17.Bd3 Nd6 18.c3 Ke7 19.Re2 h6 20.Rde1 Rhf8 21.h4 g5
22.hxg5 hxg5 23.fxg5 Rg8 24.g4 Rxg5 25.gxf5 Nxf5 26.Rh2 d5 27.Rh7+ Ng7 28.Rh6 c4  1/2-1/2

[Event "48th Groningen Open A"]
[Site "Groningen NED"]
[Date "2011.12.24"]
[Round "4.4"]
[White "Kovchan,A"]
[Black "Plat,V"]
[Result "1-0"]
[WhiteElo "2573"]
[BlackElo "2425"]

1.e4 c5 2.Nf3 e6 3.d4 cxd4 4.Nxd4 Nc6 5.Nc3 a6 6.Nxc6 bxc6 7.Bd3 d5 8.O-O Bd6
9.Re1 Ne7 10.Qh5 Qc7 11.a3 e5 12.exd5 cxd5 13.f4 e4 14.Nxd5 Qc5+ 15.Be3 Qxd5
16.Qxd5 Nxd5 17.Bxe4 Nxe3 18.Bxa8 Bc5 19.b4 Bb6 20.c4  1-0

[Event "FIDE Women's World Teams"]
[Site "Mardin TUR"]
[Date "2011.12.24"]
[Round "6"]
[White "Melia,S"]
[Black "Vasilevich,T"]
[Result "1/2-1/2"]
[WhiteElo "2392"]
[BlackElo "2412"]

1.e4 c5 2.Nf3 e6 3.d4 cxd4 4.Nxd4 Nc6 5.Nc3 Qc7 6.Be3 Nf6 7.f4 Nxd4 8.Bxd4 Qxf4
9.g3 Qc7 10.e5 Nd5 11.Nxd5 exd5 12.Bg2 Bc5 13.Bxd5 O-O 14.O-O d6 15.exd6 Qxd6
16.Bxc5 Qxc5+ 17.Kh1 Be6 18.Bxe6 fxe6  1/2-1/2

[Event "V Stadium Casablanca Open"]
[Site "Zaragoza ESP"]
[Date "2011.12.26"]
[Round "4"]
[White "Garcia Gracia,Victor Hugo"]
[Black "Moreno Gracia,Dan"]
[Result "0-1"]
[WhiteElo "1972"]
[BlackElo "2298"]

1.e4 c5 2.Nf3 e6 3.d4 cxd4 4.Nxd4 Nc6 5.Nc3 Qc7 6.Be3 a6 7.Bd3 b5 8.Nxc6 dxc6
9.O-O Nf6 10.f4 Be7 11.e5 Nd5 12.Nxd5 cxd5 13.Bd4 g6 14.c3 Bd7 15.Qf3 O-O
16.Qh3 Rfc8 17.Rf3 b4 18.Qh6 Bf8 19.Qh4 Qd8 20.Qg4 bxc3 21.bxc3 Bb5 22.Bc2 Be2
23.f5 Bxf3 24.gxf3 Qe8 25.fxg6 fxg6 26.f4 Bc5 27.f5 Bxd4+ 28.Qxd4 gxf5 29.Kf2 Kh8
30.Rg1 Qe7 31.Bd3 Rg8 32.Rb1 Qg5  0-1

[Event "Czech Chess Christmas 2011"]
[Site "Litomysl CZE"]
[Date "2011.12.27"]
[Round "2.1"]
[White "Kastner,O"]
[Black "Bulski,K"]
[Result "0-1"]
[WhiteElo "2137"]
[BlackElo "2519"]

1.e4 c5 2.Nf3 e6 3.d4 cxd4 4.Nxd4 Nc6 5.Nc3 Qc7 6.Be3 a6 7.Bd3 Nf6 8.O-O Nxd4
9.Bxd4 Bc5 10.Bxf6 gxf6 11.Qg4 Kf8 12.Ne2 b6 13.Qh4 Qe5 14.c3 Qg5 15.Qxg5 fxg5
16.Nd4 f6 17.a4 Bb7 18.Rfe1 Rc8 19.Rad1 Ke7 20.Bb1 Bd6 21.g3 Bb8 22.Rd2 h5
23.f3 h4 24.g4 Bf4 25.Rd3 Rc7 26.Ba2 Rb8 27.Bb3 Bc8 28.Ra1 Be5 29.Rd2 Bf4
30.Rd3 Be5 31.Rd2 d6 32.Bd1 Bf4 33.Rd3 Bd7 34.Bb3 Rc5 35.Rdd1 Be5 36.Rd2 Bf4
37.Rdd1 Be3+ 38.Kg2 b5 39.axb5 Bxd4 40.Rxd4 Rcxb5 41.Rb4 Rxb4 42.cxb4 Rxb4
43.Ra3 a5 44.Kf1 a4 45.Bd1 Rxb2  0-1

[Event "1st St Leon-Rot Open"]
[Site "Sankt Leon-Rot GER"]
[Date "2011.12.27"]
[Round "2"]
[White "Meusel,R"]
[Black "Villing,D"]
[Result "1/2-1/2"]
[WhiteElo "1898"]
[BlackElo "2151"]

1.e4 c5 2.Nf3 Nc6 3.Nc3 e6 4.d4 cxd4 5.Nxd4 Nf6 6.Be3 Bb4 7.Bd3 d5 8.Nxc6 bxc6
9.exd5 exd5 10.Bd2 O-O 11.O-O Re8 12.Ne2 Bd6 13.Bf4 Bg4 14.Bg3 Bxg3 15.hxg3 Qb6
16.Rb1 c5 17.c4 dxc4 18.Bxc4 Bf5 19.Rc1 Qxb2 20.Nc3 Rad8 21.Qf3 Be6 22.Na4 Qd4
23.Rfd1 Qe4 24.Qxe4 Nxe4 25.Bxe6 fxe6 26.Rxd8 Rxd8 27.Nxc5 Rc8 28.Nb3 Rxc1+
29.Nxc1 Kf7 30.g4 e5 31.f3 Nc5 32.Ne2 Ke6 33.Nc3 Nd3 34.Kf1 a5 35.g3 Nb4
36.Ke2 Kd6 37.f4 Nc6 38.Kd3 Kc5 39.a3 h6 40.Nd1 Kb5 41.Nb2 Kc5 42.Ke4 exf4
43.gxf4 Kd6 44.Nc4+ Ke6 45.f5+ Kf6 46.Kf4 g6 47.fxg6 Kxg6 48.a4 Kf6 49.Nb6  1/2-1/2

[Event "V Stadium Casablanca Open"]
[Site "Zaragoza ESP"]
[Date "2011.12.27"]
[Round "5"]
[White "Valenti,G"]
[Black "Franco Ocampos,Z"]
[Result "0-1"]
[WhiteElo "2147"]
[BlackElo "2505"]

1.e4 c5 2.Nf3 Nc6 3.d4 cxd4 4.Nxd4 e6 5.Nc3 a6 6.g3 Nge7 7.Bg2 Nxd4 8.Qxd4 Nc6
9.Qd1 Qc7 10.O-O Be7 11.Re1 d6 12.b3 O-O 13.Bb2 Bf6 14.Qd2 Rd8 15.a3 Be7
16.Ne2 Bd7 17.h3 Rac8 18.Rac1 b5 19.Nf4 Ne5 20.Nh5 Bf8 21.Kh2 Bc6 22.Qg5 h6
23.Qe3 Bb7 24.Red1 Qe7 25.f4 Ng6 26.Qf2 Rc5 27.g4 Rdc8 28.Bd4 R5c7 29.Bb6 Rc6
30.f5 Ne5 31.f6 gxf6 32.Nxf6+ Kh8 33.Be3 Bg7 34.g5 Rc3 35.Rf1 Rxe3 36.Qxe3 Rc5
37.Qe2 Ng6 38.Ng4 Rxg5 39.Qf2 f5 40.exf5 exf5 41.Rce1 Qd7 42.Bxb7 fxg4 43.Qf7 g3+
44.Kh1 Qxh3+  0-1

[Event "V Stadium Casablanca Open"]
[Site "Zaragoza ESP"]
[Date "2011.12.27"]
[Round "5"]
[White "Castillo Sanjuan,D"]
[Black "Lopez Gracia,F"]
[Result "0-1"]
[WhiteElo "2047"]
[BlackElo "2336"]

1.e4 c5 2.Nf3 e6 3.d4 cxd4 4.Nxd4 Nc6 5.Nc3 a6 6.a3 Qc7 7.f4 Nxd4 8.Qxd4 b5
9.Be3 Bb7 10.Be2 Nf6 11.Bf3 d6 12.g4 h6 13.O-O Be7 14.Rad1 O-O 15.h4 d5 16.exd5 Nxd5
17.Nxd5 Bxd5 18.Bxd5 exd5 19.Qxd5 Qxc2 20.Rd2 Qg6 21.g5 Rad8 22.Qf3 Rxd2
23.Bxd2 Rd8 24.f5 Qb6+ 25.Be3 Bc5 26.Bxc5 Qxc5+ 27.Rf2 hxg5 28.hxg5 Qc1+
29.Kh2 Qxg5 30.f6 Rd4 31.Rg2 Qh4+ 32.Qh3 Qxf6 33.Qc8+ Kh7 34.Qc2+ g6 35.Kg1 Kg7
36.Qe2 Rc4 37.Qd3 Qd4+  0-1

[Event "Zuerich Weihnachtsopen Masters"]
[Site "Zuerich SUI"]
[Date "2011.12.27"]
[Round "2"]
[White "Gloor,R"]
[Black "Vorobiov,E"]
[Result "0-1"]
[WhiteElo "2242"]
[BlackElo "2589"]

1.e4 c5 2.Nf3 e6 3.d4 cxd4 4.Nxd4 Nc6 5.Nc3 Qc7 6.Be3 a6 7.Bd3 Nf6 8.O-O h5
9.h3 b5 10.Nxc6 Qxc6 11.Be2 Qc7 12.Bf3 Rb8 13.e5 Qxe5 14.Ba7 Bc5 15.Bxb8 Qxb8
16.Ne4 Nxe4 17.Bxe4 Qe5 18.Re1 Qxb2 19.a4 b4 20.a5 g5 21.Rb1 Qf6 22.Qf3 Qxf3
23.Bxf3 f5 24.Kf1 g4 25.Ba8 Ke7 26.Rec1 d6 27.Bc6 Kd8 28.c3 bxc3 29.Rxc3 Kc7
30.Ba4 Bb7 31.Bb3 e5 32.Bc4 f4 33.Rcb3 Be4 34.Bd3 Bxd3+ 35.Rxd3 Kc6 36.Rc3 e4
37.Rb6+ Kd5 38.Rxa6 Rb8 39.Rc2 Rb1+ 40.Ke2 f3+  0-1

[Event "ch-AUS 2011-12"]
[Site "North Geelong AUS"]
[Date "2011.12.28"]
[Round "2.7"]
[White "Solomon,SJ"]
[Black "Johansen,D"]
[Result "1/2-1/2"]
[WhiteElo "2384"]
[BlackElo "2403"]

1.e4 c5 2.Nf3 e6 3.d4 cxd4 4.Nxd4 Nc6 5.Nc3 d6 6.Be2 Nf6 7.O-O Be7 8.Be3 Bd7
9.f4 O-O 10.Qe1 Nxd4 11.Bxd4 Bc6 12.Qg3 g6 13.Bf3 b5 14.a3 a5 15.b4 d5 16.e5 Ne4
17.Bxe4 dxe4 18.Qe3 axb4 19.axb4 Bxb4 20.Nxe4 Be7 21.Rxa8 Bxa8 22.Rf2 Bxe4
23.Qxe4 Qc7 24.c3 Rd8 25.Qe3 Qc4 26.Qe2 Qb3 27.Qa2 Qd1+ 28.Rf1 Qd3 29.Qa7 Bf8
30.Qa5 Rd5 31.Qa1 Bc5 32.Bxc5 Rxc5 33.Rf3 Qd2 34.h3 Rc4 35.Qf1 Rxc3 36.Rxc3 Qxc3
37.Kh2 b4 38.Qd1 Qc7 39.h4 h5 40.Qd3 Qb6 41.Qb3 Qf2 42.Qxb4 Qxh4+ 43.Kg1 Kg7
44.Qd2 Qg3 45.Kf1 h4 46.Qd4 Kh6 47.Qe4 Kh5 48.Qe2+ Qg4 49.Qe4 h3 50.gxh3 Qxh3+
51.Kf2 Qh2+ 52.Ke3 Qg3+ 53.Kd4 Kg4 54.Kc5 Qxf4 55.Qe2+ Qf3 56.Qh2 Qd5+ 57.Kb6 Qd4+
58.Kc6 Kf5 59.Qh7 Qd5+ 60.Kb6 Qd8+ 61.Kc6 Qe8+ 62.Kc7 Kxe5 63.Qh4 f5 64.Qg5 Qa4
65.Qxg6 Qc4+ 66.Kd7 Qd5+ 67.Ke7 Qb7+ 68.Kf8 Qc8+ 69.Kf7 Qb7+ 70.Kf8 Qc8+
71.Kf7 Qb7+ 72.Kf8 f4 73.Qg5+ Ke4 74.Qg6+ Kf3 75.Qd3+ Kg2 76.Qe2+ Kg3 77.Qe1+ Kg2
78.Qe2+ Kg1 79.Qe1+ Kg2 80.Qe2+  1/2-1/2

[Event "48th Groningen Open A"]
[Site "Groningen NED"]
[Date "2011.12.29"]
[Round "8.8"]
[White "Naroditsky,D"]
[Black "Firat,B"]
[Result "1-0"]
[WhiteElo "2472"]
[BlackElo "2393"]

1.e4 c5 2.Nf3 e6 3.d4 cxd4 4.Nxd4 Nc6 5.Nc3 d6 6.g4 Nge7 7.Be3 Ng6 8.g5 Be7
9.h4 O-O 10.Qd2 Nxd4 11.Qxd4 Ne5 12.Be2 a6 13.f4 Nc6 14.Qd2 b5 15.Bf3 Bb7
16.Qf2 Qd7 17.Bg4 Qe8 18.O-O Na5 19.f5 f6 20.fxe6 fxg5 21.Qg2 gxh4 22.Rxf8+ Bxf8
23.Rf1 Qg6 24.Rf7 b4 25.Nd5 Bxd5 26.exd5 Nc4 27.Bd4 Re8 28.Be2 Qxg2+ 29.Kxg2 Ne5
30.Bxe5 dxe5 31.Rd7 e4 32.d6 Bxd6 33.Rxd6 Kf8 34.Bc4 Rc8 35.Rd4 g5 36.Rxe4 Ke7
37.Bb3 h5 38.Rxb4 g4 39.Rb7+ Kf6 40.Rf7+ Kg6 41.c3 h3+ 42.Kg3 Rd8 43.Bc2+ Kg5
44.Rf5+ Kh6 45.e7  1-0

[Event "Cracovia Open A"]
[Site "Krakow POL"]
[Date "2011.12.29"]
[Round "3.29"]
[White "Wandzik,W"]
[Black "Marchadour,E"]
[Result "1-0"]
[WhiteElo "2239"]
[BlackElo "2022"]

1.e4 c5 2.Nf3 e6 3.d4 cxd4 4.Nxd4 Nc6 5.Nc3 Qc7 6.Be3 Nf6 7.Bd3 a6 8.O-O Be7
9.Kh1 h5 10.f4 Ng4 11.Bg1 Nxd4 12.Bxd4 Bc5 13.Bxc5 Qxc5 14.Qf3 d6 15.Rae1 Bd7
16.e5 d5 17.Ne2 Ne3 18.Rg1 Ng4 19.Rgf1 Ne3 20.Qf2 Rc8 21.b4 Qb6 22.Rg1 Rc6
23.h3 d4 24.Ng3 Qc7 25.Re2 Rb6 26.a3 Qc3 27.Rxe3 dxe3 28.Qxe3 Rc6 29.Ne4 Qxa3
30.Qd4 a5 31.b5 Rc7 32.Ra1 Qe7 33.Nd6+ Kf8 34.Rxa5 g6 35.Qb6 Bc8 36.c4 Kg7
37.Qe3 Qh4 38.Ra7 Rd8 39.Kh2 Rcd7 40.c5 Qe7 41.Be4 Rc7 42.b6 Rcd7 43.c6 bxc6
44.Bxc6 Qh4 45.Bxd7 Bxd7 46.Rc7 g5 47.g3 gxf4 48.Qxf4  1-0

[Event "Cracovia Open A"]
[Site "Krakow POL"]
[Date "2011.12.29"]
[Round "3.17"]
[White "Hommerson,P"]
[Black "Hnydiuk,A"]
[Result "0-1"]
[WhiteElo "2215"]
[BlackElo "2431"]

1.e4 c5 2.Nf3 e6 3.d4 cxd4 4.Nxd4 Nc6 5.Nc3 a6 6.Be3 Nf6 7.f4 Bb4 8.Bd3 e5
9.Nxc6 dxc6 10.f5 Nxe4 11.Qg4 Nxc3 12.Qxg7 Nd5+ 13.c3 Rf8 14.Bh6 Bd6 15.O-O-O Qf6
16.c4 Qxg7 17.Bxg7 Nf4 18.Rhe1 f6 19.Be4 Bb4 20.Bxf8 Bxe1 21.Bc5 Ba5 22.b4 Bc7
23.Kd2 Bd7 24.g3 Nh3 25.Bg2 Ng5 26.h4 Nf7  0-1

[Event "XXII Cajacanarias Christmas"]
[Site "Santa Cruz de Tenerife ESP"]
[Date "2011.12.29"]
[Round "9"]
[White "Septien Lopez,V"]
[Black "Alonso Contreras,M"]
[Result "1/2-1/2"]
[WhiteElo "1827"]
[BlackElo "1955"]

1.e4 c5 2.Nf3 Nc6 3.Nc3 e6 4.d4 cxd4 5.Nxd4 Nf6 6.Be2 Bb4 7.O-O Bxc3 8.bxc3 Nxe4
9.Qd3 d5 10.Ba3 Qa5 11.Nb5 a6 12.Nd6+ Nxd6  1/2-1/2

[Event "XXII Cajacanarias Christmas"]
[Site "Santa Cruz de Tenerife ESP"]
[Date "2011.12.29"]
[Round "9"]
[White "Rodriguez Lapetra,P"]
[Black "Hernandez Leon,S"]
[Result "1-0"]
[WhiteElo "2153"]
[BlackElo "2123"]

1.e4 c5 2.Nf3 e6 3.d4 cxd4 4.Nxd4 Nc6 5.Nc3 Qc7 6.Be3 a6 7.g3 Nf6 8.Bg2 Be7
9.O-O O-O 10.a4 d6 11.Qe2 Ne5 12.Rae1 Bd7 13.Kh1 Rac8 14.f4 Nc4 15.Bc1 Qc5
16.Qd3 b5 17.axb5 axb5 18.b3 Nb6 19.Ncxb5 Bxb5 20.Nxb5 Qxc2 21.Qxc2 Rxc2
22.Ba3 Nc8 23.Rc1 Rd2 24.Rc7 Re8 25.Rfc1 Nb6 26.e5 Nfd5 27.Bxd5 Nxd5 28.Rc8 Kf8
29.exd6  1-0

[Event "XLI Rilton Cup 2011-12"]
[Site "Stockholm SWE"]
[Date "2011.12.29"]
[Round "3"]
[White "Solak,D"]
[Black "Akesson,R"]
[Result "1/2-1/2"]
[WhiteElo "2629"]
[BlackElo "2421"]

1.e4 c5 2.Nf3 e6 3.d4 cxd4 4.Nxd4 Nc6 5.Nc3 Qc7 6.Be3 a6 7.Bd3 Nf6 8.O-O Nxd4
9.Bxd4 Bc5 10.Bxc5 Qxc5 11.Qd2 d6 12.Rae1 h6 13.Kh1 e5 14.f4 Be6 15.fxe5 dxe5
16.Na4 Qc6 17.Qb4 Nd7 18.c4 a5 19.Qa3 b6 20.Nc3 Qc5 21.Qa4 O-O 22.Nd5 Rac8
23.a3 Qd6 24.b4 axb4 25.axb4 g6 26.Qb3 Kg7 27.Be2 Bxd5 28.cxd5 Nf6 29.Bb5 Qe7
30.Bc6 Ne8 31.b5 Nd6 32.Qe3 Rb8 33.Rf2 Qg5 34.Qa3 Rbd8 35.Kg1 h5 36.Qa7 Rb8
37.Qa3 Rbd8 38.Qa7 Rb8 39.Qa3 Rbd8 40.Qa7  1/2-1/2

[Event "V Stadium Casablanca Open"]
[Site "Zaragoza ESP"]
[Date "2011.12.29"]
[Round "7"]
[White "Valenti,G"]
[Black "Lopez Gracia,F"]
[Result "0-1"]
[WhiteElo "2147"]
[BlackElo "2336"]

1.e4 c5 2.Nf3 e6 3.d4 cxd4 4.Nxd4 Nc6 5.Nc3 a6 6.g3 d6 7.Bg2 Bd7 8.O-O Nf6
9.Re1 Be7 10.Nxc6 Bxc6 11.Be3 O-O 12.a4 Nd7 13.Nd5 Bxd5 14.exd5 e5 15.a5 Qc7
16.b3 f5 17.Ra2 Bf6 18.c4 Rae8 19.Kh1 e4 20.f3 Bc3 21.Bd2 Bxd2 22.Qxd2 Nc5
23.fxe4 Nxb3 24.Qc3 Nc5 25.exf5 Rxe1+ 26.Qxe1 Rxf5 27.Bh3 Rf8 28.Be6+ Kh8
29.Qe2 Qe7 30.Rb2 Qf6 31.Rb6 Qa1+ 32.Kg2 Qxa5 33.Rb1 Qd8 34.h4 h6 35.h5 Qf6
36.Rb6 Qd8 37.Rb1 Qe7 38.Qg4 Qf6 39.Qe2 Qd4 40.Bf5 a5 41.Rd1 Qf6 42.Rf1 Qg5
43.Bg6 Qd8 44.Bb1 Rxf1 45.Qxf1 Qf6 46.Qe2 Qe5 47.Qc2 Kg8 48.Qh7+ Kf8 49.Bg6 a4
50.Qh8+ Ke7 51.Qe8+ Kf6 52.Qd8+ Qe7 53.Qc8 Ke5 54.Qf5+ Kd4 55.Qf4+ Kc3 56.Qc1+ Kb4
57.Qd2+ Kxc4 58.Qc2+ Kxd5  0-1

[Event "28th Geneva Open A"]
[Site "Geneva SUI"]
[Date "2011.12.30"]
[Round "7"]
[White "Fier,A"]
[Black "Sokolov,And1"]
[Result "1-0"]
[WhiteElo "2573"]
[BlackElo "2571"]

1.e4 c5 2.Nf3 e6 3.d4 cxd4 4.Nxd4 Nc6 5.Nc3 Qc7 6.Be3 Nf6 7.Qd2 a6 8.O-O-O Bb4
9.f3 O-O 10.g4 b5 11.g5 Ne8 12.Nxc6 dxc6 13.Qf2 e5 14.Bc5 a5 15.h4 Be6 16.Bxf8 Bxf8
17.Bh3 Bxh3 18.Rxh3 a4 19.Ne2 Nd6 20.Kb1 Nc4 21.f4 exf4 22.Qxf4 Bd6 23.Qf2 Re8
24.Rhd3 Rxe4 25.Ng3 Rg4 26.Nf5 Bf8 27.Rd8  1-0

[Event "XLI Rilton Cup 2011-12"]
[Site "Stockholm SWE"]
[Date "2011.12.30"]
[Round "4"]
[White "Westerberg,J"]
[Black "Johansson,G1"]
[Result "1-0"]
[WhiteElo "2321"]
[BlackElo "2238"]

1.e4 c5 2.Nf3 e6 3.d4 cxd4 4.Nxd4 Nc6 5.Nc3 Qc7 6.Be3 a6 7.Bd3 Nf6 8.O-O Ne5
9.h3 Bc5 10.Kh1 d6 11.f4 Ng6 12.Qe1 O-O 13.f5 Ne5 14.Qh4 b5 15.Rf3 exf5 16.exf5 Nxf3
17.gxf3 Bb7 18.Rg1 Bxf3+ 19.Kh2 Qe7 20.Qg3 Qe5 21.Bf4 Ng4+ 22.hxg4 Qxd4 23.Rf1 Bc6
24.g5 b4 25.Ne2 Qd5 26.f6 g6 27.Qh3 Rfe8 28.c4 bxc3 29.Nxc3 Re3 30.Bxe3 Qxd3
31.Qh6  1-0

[Event "XLI Rilton Cup 2011-12"]
[Site "Stockholm SWE"]
[Date "2011.12.30"]
[Round "4"]
[White "Socko,B"]
[Black "Ivanov,Sergey1"]
[Result "1/2-1/2"]
[WhiteElo "2635"]
[BlackElo "2537"]

1.e4 c5 2.Nf3 Nc6 3.d4 cxd4 4.Nxd4 e6 5.Nc3 Qc7 6.Be3 Nf6 7.Be2 Be7 8.f4 d6
9.g4 Nxd4 10.Qxd4 e5 11.Qd1 Qa5 12.O-O exf4 13.Rxf4 O-O 14.Rf2 Be6 15.g5 Nd7
16.Nd5 Bxd5 17.Qxd5 Qxd5 18.exd5 Bd8 19.Bb5 Ne5 20.Rg2 Rc8 21.c3 Bb6 22.Bxb6 axb6
23.a4 f6 24.gxf6 Rxf6 25.Rf2 Rcf8 26.Rxf6 Rxf6 27.Be2 Kf8 28.Ra3 Ke7 29.Rb3 Nd7
30.a5 Rg6+ 31.Kf1 Rh6 32.axb6 Rxh2 33.c4 Rh4 34.Rb5 g5 35.b4 Rd4 36.Kf2 Kf6
37.Ra5 Nxb6 38.Rb5 Nxc4 39.Rxb7 Rf4+ 40.Ke1 Ne3 41.Rxh7 g4 42.Rh6+ Ke5 43.Re6+ Kd4
44.Kd2 Nf5 45.Rg6 g3 46.b5 Kc5 47.Bd3 Rf2+ 48.Ke1 Rf3 49.Bxf5  1/2-1/2

[Event "V Stadium Casablanca Open"]
[Site "Zaragoza ESP"]
[Date "2011.12.30"]
[Round "8"]
[White "Forcen Esteban,D"]
[Black "Franco Ocampos,Z"]
[Result "1-0"]
[WhiteElo "2410"]
[BlackElo "2505"]

1.e4 c5 2.Nf3 Nc6 3.d4 cxd4 4.Nxd4 e6 5.Nc3 a6 6.g3 Qc7 7.Bg2 d6 8.O-O Bd7
9.Re1 Be7 10.Nxc6 Bxc6 11.Qg4 h5 12.Qe2 h4 13.a4 hxg3 14.hxg3 Nf6 15.a5 Rc8
16.Be3 Kf8 17.Bb6 Qb8 18.Na4 g6 19.c4 Kg7 20.Bd4 e5 21.Bc3 Rh5 22.Nb6 Rch8
23.b4 Qg8 24.f3 Rg5 25.g4 Nh5 26.gxh5 Rhxh5 27.Bd2 Rg3 28.Kf2 Qh7 29.Rh1 Rh2
30.Rxh2 Qxh2 31.Rg1 Bd8 32.Kf1 Bxb6 33.axb6  1-0

[Event "Zuerich Weihnachtsopen Masters"]
[Site "Zuerich SUI"]
[Date "2011.12.30"]
[Round "7"]
[White "Zude,A"]
[Black "Halkias,S"]
[Result "0-1"]
[WhiteElo "2422"]
[BlackElo "2593"]

1.e4 c5 2.Nf3 e6 3.d4 cxd4 4.Nxd4 Nc6 5.Nc3 Qc7 6.Be3 a6 7.Qd2 Nf6 8.O-O-O Bb4
9.f3 Ne7 10.Nb3 d5 11.e5 Nd7 12.f4 b6 13.Bd3 Bb7 14.Kb1 Bxc3 15.Qxc3 Qxc3
16.bxc3 Rc8 17.Bd4 Nc5 18.Nc1 O-O 19.Rhf1 Bc6 20.g4 Ba4 21.Rd2 Ne4 22.Bxe4 dxe4
23.Re1 Nd5 24.Rxe4 Rxc3 25.Bf2 b5 26.Kb2 Rc4 27.Bd4 Nb4 28.Nb3 Nc6 29.c3 b4
30.Re3 bxc3+ 31.Bxc3 Rxf4 32.h3 h6 33.Nc5 Rb8+ 34.Ka3 Bb5 35.Rd6 Ne7 36.Ba5 Nd5
37.Rb3 Rc8 38.Rd8+ Rxd8 39.Bxd8 Rc4 40.Nb7 Ra4+ 41.Kb2 Bc4  0-1

[Event "Hastings Masters 2011-12"]
[Site "Hastings ENG"]
[Date "2011.12.31"]
[Round "4.28"]
[White "Duff,R"]
[Black "Massoni,M"]
[Result "0-1"]
[WhiteElo "2088"]
[BlackElo "2304"]

1.e4 c5 2.Nf3 e6 3.d4 cxd4 4.Nxd4 Nc6 5.Nc3 Qc7 6.Be3 a6 7.Qd2 Nf6 8.O-O-O Be7
9.f3 O-O 10.g4 b5 11.g5 Nh5 12.Nce2 Rd8 13.Ng3 Nxd4 14.Qxd4 Nf4 15.h4 Bb7
16.Qb6 Qb8 17.Kb1 Ng6 18.h5 Nf8 19.Rg1 d5 20.Be2 Nd7 21.Qa5 Bd6 22.Bf2 Qc7
23.Qxc7 Bxc7 24.exd5 Bxd5 25.Nf5 Rac8 26.Ne3 Bc6 27.g6 hxg6 28.hxg6 fxg6
29.Rxg6 Ne5 30.Rg3 Rxd1+ 31.Bxd1  0-1

[Event "Cracovia Open A"]
[Site "Krakow POL"]
[Date "2011.12.31"]
[Round "5.38"]
[White "Marek,Mar"]
[Black "Marchadour,E"]
[Result "0-1"]
[WhiteElo "2151"]
[BlackElo "2022"]

1.e4 c5 2.Nf3 e6 3.d4 cxd4 4.Nxd4 Nc6 5.Nc3 Qc7 6.Be2 a6 7.O-O Nf6 8.Be3 Bb4
9.Na4 b5 10.Nxc6 dxc6 11.Bc5 bxa4 12.Bxb4 c5 13.Bc3 Nxe4 14.Bxg7 Rg8 15.Bh6 Bb7
16.f3 Rg6 17.Qc1 Nf6 18.Bd3 Rg8 19.c4 O-O-O 20.Qc3 Rxg2+ 21.Kxg2 Ng4 22.Rh1 Nxh6
23.Qd2 Ng4 24.Qg5 Rxd3 25.Qg8+ Qd8 26.Qxd8+ Kxd8 27.Rhf1 Ne3+  0-1

[Event "Czech Chess Christmas 2011"]
[Site "Litomysl CZE"]
[Date "2011.12.31"]
[Round "8.1"]
[White "Drozdowski,K"]
[Black "Bulski,K"]
[Result "0-1"]
[WhiteElo "2314"]
[BlackElo "2519"]

1.e4 c5 2.Nf3 e6 3.d4 cxd4 4.Nxd4 Nc6 5.Nc3 Qc7 6.Be2 a6 7.O-O Nf6 8.Be3 Be7
9.f4 d6 10.Kh1 O-O 11.a4 Re8 12.Bf3 Nxd4 13.Qxd4 e5 14.Qd2 Bd7 15.f5 b5 16.g4 b4
17.Ne2 Qb7 18.Ng3 Bc6 19.Qg2 d5 20.Nh5 dxe4 21.Nxf6+ Bxf6 22.Be2 h6 23.Qg3 Qe7
24.Bc4 Red8 25.Rg1 Rd2 26.Rg2 Rxg2 27.Qxg2 Bg5 28.Qf2 a5 29.Kg1 Bxe3 30.Qxe3 Rd8
31.b3 Qh4 32.Be2 Rd4 33.Rc1 Bd5 34.Rf1 Kh7 35.Rc1 Qe7 36.Kf2 Qh4+ 37.Kg1 Qf6
38.Kg2 Qe7 39.Kf2 Kg8 40.Kg3 Qc5 41.Kf2 Qc3 42.h4 Rd2 43.Rd1 Rxd1 44.Bxd1 Kf8
45.g5 hxg5 46.hxg5 f6 47.g6 Qd4 48.Bg4 Bb7 49.Bh3 Bc8 50.Bg4 Ke7 51.Bh3 Kd6
52.Bg4 Kc7 53.Bh3 Kb8 54.Bg4 Bd7 55.Bh3 Kb7 56.Bg4 Bc6 57.Be2 Qa1 58.Qh3 Qc1
59.Qe3 Qxc2 60.Ke1 Bd5 61.Bd1 Qc3+ 62.Ke2 Qd4 63.Bc2 Bc6 64.Qd2 Kc7 65.Qe3 Kb7
66.Qd2 Qc3 67.Bd1 Qf3+ 68.Ke1 e3 69.Qc2 Qh1+ 70.Ke2 Bf3+ 71.Kxe3 Qxd1 72.Qc4 Qd5
73.Qh4 Bd1  0-1

[Event "Hastings Masters 2011-12"]
[Site "Hastings ENG"]
[Date "2012.01.01"]
[Round "5.34"]
[White "Gregory,S"]
[Black "Kewes,G"]
[Result "1-0"]
[WhiteElo "2124"]
[BlackElo "2222"]

1.e4 c5 2.Nf3 Nc6 3.d4 cxd4 4.Nxd4 e6 5.Nc3 a6 6.Be2 Qc7 7.O-O Nf6 8.Nxc6 bxc6
9.f4 d6 10.Kh1 Be7 11.Bf3 Bb7 12.Qe1 h5 13.Be3 Kf8 14.Na4 Re8 15.Bb6 Qb8
16.Rd1 Nd7 17.Bf2 Qc7 18.c4 c5 19.Bh4 e5 20.Bxe7+ Rxe7 21.Qd2 Rh6 22.f5 Nb8
23.Nc3 Rd7 24.f6 Qd8 25.fxg7+ Kxg7 26.Qf2 Nc6 27.Nd5 Nd4 28.Ne3 Qg5 29.Rxd4 cxd4
30.Nf5+ Kh7 31.Nxh6 Kxh6 32.Qe2 Re7 33.Bxh5 Bxe4 34.Qxe4 Qxh5 35.g4 Qg5 36.Kg2 d3
37.Qxd3 Qxg4+ 38.Kh1 Qg6 39.Qh3+  1-0

[Event "XLI Rilton Cup 2011-12"]
[Site "Stockholm SWE"]
[Date "2012.01.02"]
[Round "6"]
[White "Golikov,Nikolai"]
[Black "Johansson,G1"]
[Result "1/2-1/2"]
[WhiteElo "2003"]
[BlackElo "2238"]

1.e4 c5 2.Nf3 e6 3.d4 cxd4 4.Nxd4 Nc6 5.Nc3 Qc7 6.Be2 a6 7.O-O Nf6 8.Be3 Bb4
9.Na4 Be7 10.Nxc6 bxc6 11.Nb6 Rb8 12.Nxc8 Qxc8 13.Bd4 c5 14.Be5 Rb6 15.Qd3 d6
16.Bc3 O-O 17.b3 d5 18.exd5 Nxd5 19.Bd2 Bf6 20.Rad1 Nb4 21.Qc4 Rd8 22.a3 Rd4
23.Qc3 Rh4 24.Qg3 Nxc2 25.Ba5 Rb8 26.Bxa6 Qe8 27.Bc7 Ra8 28.Qd6 Rd4 29.Rxd4 Nxd4
30.b4 cxb4 31.axb4 Nb5 32.Bxb5  1/2-1/2